Enforcement notice (Record no. 69777)

MARC details
000 -LEADER
fixed length control field 01626cam a2200253 4500
001 - CONTROL NUMBER
control field WB3810-21
008 - FIXED-LENGTH DATA ELEMENTS--GENERAL INFORMATION
fixed length control field 020313n2002 000 0 eng u
035 ## - SYSTEM CONTROL NUMBER
System control number (Sirsi) u117123
245 ## - TITLE STATEMENT
Title Enforcement notice
260 ## - PUBLICATION, DISTRIBUTION, ETC.
Date of publication, distribution, etc. 2002
490 ## - SERIES STATEMENT
Series statement Estates Gazette
Volume/sequential designation [2002]10 Eg 157(CS) (09/03/02)
520 ## - SUMMARY, ETC.
Summary, etc. "SOS Environment,Transport and the Regions and another v Thurrock BC", CA 27 February 2002. Second appellant H's appeal against two enforcement notices served by respondent council (T)allowed by inspector in respect of airfield use of open green-belt land. T's appeals against the inspector's decision under the Town and Country Planning Act 1990 ss288 and 289 allowed on grounds that the inspector had taken the wrong approach to both notices. H and the SOS contended on appeal that unlawful change of use did not have to be continuous in accordance with s171B(3) of the 1990 Act so that use would become immune from enforcement action after 10 years. CA dismissed appeal upholding the HC's decision that the inspector should have addressed the question whether enforcement action could have been taken throughout a continuous 10 year period.
590 ## - LOCAL NOTE (RLIN)
Local note WB
650 ## - SUBJECT ADDED ENTRY--TOPICAL TERM
Topical term or geographic name entry element ENFORCEMENT NOTICES
650 ## - SUBJECT ADDED ENTRY--TOPICAL TERM
Topical term or geographic name entry element TOWN AND COUNTRY PLANNING
650 ## - SUBJECT ADDED ENTRY--TOPICAL TERM
Topical term or geographic name entry element PLANNING PERMISSION
650 ## - SUBJECT ADDED ENTRY--TOPICAL TERM
Topical term or geographic name entry element TOWN AND COUNTRY PLANNING ACT 1990 S171(B)(3)
650 ## - SUBJECT ADDED ENTRY--TOPICAL TERM
Topical term or geographic name entry element SOS ENVIRONMENT, TRANSPORT AND THE REGIONS V THURROCK BC
650 ## - SUBJECT ADDED ENTRY--TOPICAL TERM
Topical term or geographic name entry element TOWN AND COUNTRY PLANNING ACT 1990 S174(2)(A)
650 ## - SUBJECT ADDED ENTRY--TOPICAL TERM
Topical term or geographic name entry element TOWN AND COUNTRY PLANNING ACT 1990 S174(2)(D)
650 ## - SUBJECT ADDED ENTRY--TOPICAL TERM
Topical term or geographic name entry element PLANNING
690 ## - LOCAL SUBJECT ADDED ENTRY--TOPICAL TERM (OCLC, RLIN)
Topical term or geographic name as entry element Planning and development
9 (RLIN) 6259
942 ## - ADDED ENTRY ELEMENTS (KOHA)
Suppress in OPAC 0
Holdings
Withdrawn status Lost status Source of classification or shelving scheme Damaged status Not for loan Home library Current library Shelving location Date acquired Total Checkouts Full call number Barcode Date last seen Copy number Price effective from Koha item type
    Dewey Decimal Classification     London London News article 13/03/2002   WB3810-21 117123-1001 06/08/2019 1 06/08/2019 Law report